000 00444nam a2200157 i 4500
001 38608
003 ES-MaACL
005 20230906155803.0
007 t|
008 030226s1911 sp ||||1| spa d
100 1 _aCamino Nessi, José.
_934082
245 1 0 _aFragancias de conseja /
_cson coloquios escritos por José Camino Nessi.
260 _aPamplona :
_bVda R. Velavia,
_c1911.
300 _a307 p. ;
_c20 cm.
852 _aES-MaACL
_jF-1157
999 _c38608
_d38608